| 000 | 00628nam a22001697a 4500 | ||
|---|---|---|---|
| 082 | _a004 | ||
| 100 | _aKhan, Muhammad Saifullah ; Tariq, Muhammad Mahad and Ahmad, Bilal | ||
| 245 |
_aSignature Verification / _cMuhammad Saifullah Khan, Muhammad Mahad Tariq and Bilal Ahmad |
||
| 260 |
_aIslamabad : _bSEECS - NUST, _c2018. |
||
| 300 |
_a60 p. ; _c30cm, _eCD. |
||
| 563 | _aa | ||
| 650 |
_aSoftware Engineering-Project Report _930818 |
||
| 700 |
_aDr. Muhammad Imran Malik _930951 |
||
| 856 | _uhttp://10.250.8.41:8080/xmlui/handle/123456789/21078 | ||
| 942 |
_2ddc _cTHE |
||
| 999 |
_c536070 _d536070 |
||